| 000 | 00705nam a2200229Ia 4500 | ||
|---|---|---|---|
| 003 | OSt | ||
| 005 | 20250828150127.0 | ||
| 008 | 210716s2008 xx 000 0 und d | ||
| 020 | _a9788184044157 | ||
| 040 | _cAIMIT LIBRARY | ||
| 041 | _aeng | ||
| 082 |
_a005.7406 _21 _bLAWS |
||
| 100 |
_aGunning, Philip K. _9237308 |
||
| 245 |
_aDB2 9 for developers / _cBy Philip K. Gunning. |
||
| 250 | _a1st ed. | ||
| 260 |
_aMumbai : _bShroff Publishers and Distributors Pvt Ltd , _c2008. |
||
| 300 |
_a552p.; _bPB _c24.2 cm. |
||
| 650 |
_aXml evolution and revolution _9237309 |
||
| 650 |
_aLogical and physical design _9237310 |
||
| 650 |
_aProblem Determination _9237311 |
||
| 942 |
_2ddc _cBK _k005.7406 LAWS |
||
| 999 |
_c191118 _d191118 |
||